| 000 | 00666nam a22002177a 4500 | ||
|---|---|---|---|
| 999 |
_c5880 _d5880 |
||
| 003 | AR-CdUCM | ||
| 008 | 190313b ||||| |||| 00| 0 spa d | ||
| 040 |
_aMUNICIPALIDAD PROVINCIAL DEL CUSCO _cBIBLIOTECA MUNICIPAL DEL CUSCO |
||
| 082 |
_a869.1 / _bW18 |
||
| 100 |
_aWernicke, Enrique _917352 |
||
| 245 | _aLa ribera / | ||
| 260 |
_aArgentina : _bCentro editor de américa latina, _c1967. |
||
| 300 |
_a202 paginas ; _c18 cm. |
||
| 500 | _aDonación de la familia Nieto. | ||
| 505 | _aContenido :La ribera. | ||
| 650 |
_aLiteratura argentina _984 |
||
| 650 |
_aCuentos argentinos _92794 |
||
| 650 |
_aHistorietas _910786 |
||
| 942 |
_2ddc _cLIBROS |
||
| 945 | _arum | ||